Enseñanzas sobre la responsabilidad del estado por daños causados por su omisión, en materia de violencia de género (Registro nro. 32471)
[ vista simple ]
| 000 -LEADER | |
|---|---|
| fixed length control field | 00452 a2200121 4500 |
| 001 - CONTROL NUMBER | |
| control field | ART_49674 |
| 005 - DATE AND TIME OF LATEST TRANSACTION | |
| control field | 20260410162014.0 |
| 008 - FIXED-LENGTH DATA ELEMENTS--GENERAL INFORMATION | |
| fixed length control field | 260409a |
| 100 1# - MAIN ENTRY--PERSONAL NAME | |
| Personal name | Caputi, María Claudia |
| 245 10 - TITLE STATEMENT | |
| Title | Enseñanzas sobre la responsabilidad del estado por daños causados por su omisión, en materia de violencia de género |
| 700 1# - ADDED ENTRY--PERSONAL NAME | |
| Personal name | Fiol, Gerardo |
| 773 0# - HOST ITEM ENTRY | |
| Title | Temas de derecho administrativo |
| Related parts | - Año 4, N° 10 (oct. 2019) |
| Record control number | REV40468 |
No hay ítems disponibles.